000 00672nam a2200181Ia 4500
008 151018s9999 xx 000 0 und d
082 _bRBASDV29816
_a891.461
100 _aमारुतीबाबा रामदासी
245 _aस्वरूप संप्रदाय
250 _b1
260 _bमारुतीबुवा रामदासी
_c1998
300 _a78
600 _aमारुतीबाबा रामदासी
630 _aस्वरूप संप्रदाय
700 _aमारुतीबाबा रामदासी
730 _aस्वरूप संप्रदाय
942 _cBOOK
999 _c1029360
_d1029357